THE STATE OF THE PANCHAYATS (Record no. 31703)

MARC details
000 -LEADER
fixed length control field 00272nam a22001217a 4500
003 - CONTROL NUMBER IDENTIFIER
control field SGT
082 ## - DEWEY DECIMAL CLASSIFICATION NUMBER
Classification number 200
Item number T06P
100 ## - MAIN ENTRY--PERSONAL NAME
Personal name PALANITHURAI, SHRI G.
245 ## - TITLE STATEMENT
Title THE STATE OF THE PANCHAYATS
260 ## - PUBLICATION, DISTRIBUTION, ETC. (IMPRINT)
Name of publisher, distributor, etc MINISTRY OF PANCHAYATI RAJ
Year of Publication 2006
300 ## - PAGE DESCRIPTION
No. of Pages 437
942 ## - ADDED ENTRY ELEMENTS (KOHA)
Source of classification or shelving scheme Dewey Decimal Classification
Koha item type Books
Holdings
Withdrawn status Lost status Source of classification or shelving scheme Damaged status Not for loan Home library Current library Shelving location Date acquired SGTU Total Checkouts Full call number Accession No. (Barcode) Date last seen Bill Date Koha item type
    Dewey Decimal Classification   Not For Loan SGT Chancellor's Library SGT Chancellor's Library Reference Book 02/07/2025 SGTU   200 T06P CH3691 02/07/2025 02/07/2025 Books
    Dewey Decimal Classification   Not For Loan SGT Chancellor's Library SGT Chancellor's Library Reference Book 02/07/2025 SGTU   200 T06P CH3692 02/07/2025 02/07/2025 Books
    Dewey Decimal Classification   Not For Loan SGT Chancellor's Library SGT Chancellor's Library Reference Book 02/07/2025 SGTU   200 T06P CH3693 02/07/2025 02/07/2025 Books